AWS Certified Developer - Associate Guide (Record no. 348014)

MARC details
000 -LEADER
fixed length control field 00542nam a2200169Ia 4500
008 - FIXED-LENGTH DATA ELEMENTS--GENERAL INFORMATION
fixed length control field 230718s9999 xx 000 0 und d
020 ## - INTERNATIONAL STANDARD BOOK NUMBER
International Standard Book Number 9781787125629
041 ## - LANGUAGE CODE
Language code of text/sound track or separate title eng
082 ## - DEWEY DECIMAL CLASSIFICATION NUMBER
Classification number 005.678
Item number TAN
100 ## - MAIN ENTRY--PERSONAL NAME
Personal name Tankariya V.
9 (RLIN) 200946
245 ## - TITLE STATEMENT
Title AWS Certified Developer - Associate Guide
Remainder of title Your One-Stop Solution To Pass The AWS Developer's Certification
260 ## - PUBLICATION, DISTRIBUTION, ETC. (IMPRINT)
Date of publication, distribution, etc. 2017
Name of publisher, distributor, etc. Packt
300 ## - PHYSICAL DESCRIPTION
Extent 576
365 ## - TRADE PRICE
Currency code Rs.
Price amount 1599.00
700 ## - ADDED ENTRY--PERSONAL NAME
Personal name Tankariya V. & Parmar B.
9 (RLIN) 200947
906 ## - LOCAL DATA ELEMENT F, LDF (RLIN)
d O:0601404-Aug-2018B:IN23818-Jul-2018
c COMP
b 319.8
Holdings
Withdrawn status Lost status Damaged status Not for loan Home library Current library Date acquired Vendor Budget Code Cost, normal purchase price Bill number Total Checkouts Full call number Barcode Date last seen Discount Cost, replacement price Bill Date Koha item type Original Barcode
        Cummins College of Engineering for Women Pune Cummins College of Engineering for Women Pune 04/08/2018 Pradeep Book Distributors COMP 1279.20 IN238   005.678 CCEP-BK-59221 18/07/2023 319.8 1599.00 18/07/2018 Books 059221